Tam quốc diễn nghĩa liên hoàn họa : Truyện tranh Tập 7 : Phạm Tràng An

Kể về việc bộ tướng Đổng Trác là Lý Thôi, Quách Dĩ dẫn quân đánh vào Tràng An, giết Tư đồ Vương Doãn, thao túng triều chính

Đã lưu trong:
Chi tiết về thư mục
Tác giả chính: La Quán Trung
Tác giả khác: Từ Lương Sĩ (Lời), Triệu Tam Đảo (Tranh), Uông Ngọc Sơn (Tranh), Trần Đình Chiểu (Dịch)
Định dạng: Sách
Ngôn ngữ:Vietnamese
Được phát hành: H. Văn học 2016
Phiên bản:Tái bản lần 1
Những chủ đề:
Các nhãn: Thêm thẻ
Không có thẻ, Là người đầu tiên thẻ bản ghi này!
Thư viện lưu trữ: Thư viện Trường Đại học Nam Cần Thơ
LEADER 01509nam a22002657a 4500
001 NCT_4_021020
008 250524b xxu||||| |||| 00| 0 vie d
999 |c 9026  |d 9026 
020 |a 9786046974901  |c 11500 
082 0 4 |2 23rd ed.  |a 895.1  |b Tr513/T.7 
100 1 |a La Quán Trung 
245 1 0 |a Tam quốc diễn nghĩa liên hoàn họa :  |b Truyện tranh  |n Tập 7 :  |p Phạm Tràng An  |c La Quán Trung (Nguyên tác) ; Từ Lương Sĩ (Lời) ; Triệu Tam Đảo, Uông Ngọc Sơn (Tranh) ; Trần Đình Chiểu (Dịch) 
250 |a Tái bản lần 1 
260 |a H.  |b Văn học  |c 2016 
300 |a 116 tr.  |b Minh họa  |c 16x12 cm 
500 |a Đông A biên chỉnh theo bản Tam quốc diễn nghĩa do Phan Kế Bính dịch, Bùi Kỷ hiệu đính, NXB Phổ Thông, 1959-1960 
520 3 |a Kể về việc bộ tướng Đổng Trác là Lý Thôi, Quách Dĩ dẫn quân đánh vào Tràng An, giết Tư đồ Vương Doãn, thao túng triều chính 
653 |a Tham khảo 
700 1 |a Từ Lương Sĩ   |e Lời 
700 1 |a Triệu Tam Đảo  |e Tranh 
700 1 |a Uông Ngọc Sơn   |e Tranh 
700 1 |a Trần Đình Chiểu   |e Dịch 
942 |2 ddc  |c BK 
952 |0 0  |1 0  |2 ddc  |4 0  |6 895_100000000000000_TR513_T_7  |7 0  |9 30835  |a 000001  |b 000001  |d 2025-05-24  |o 895.1 Tr513/T.7  |p TK.05502  |r 2025-05-24  |v 11500.00  |w 2025-05-24  |y BK 
980 |a Thư viện Trường Đại học Nam Cần Thơ